000 00541nam a22001697a 4500
005 20170703121250.0
010 _aENG-118535
020 _a9789383723003
_c1250.00
035 _aEN-102067
037 _bDBAD/PUB
082 _a027.70954
245 _aExcellence in academic libraries :
_bVision for future /
260 _aNew Delhi
_bLG PUBLISHERS DISTRIBUTORS
_c2013
270 _a49, Gali No. 14, Pratap Nagar Mayur Vihar Phase I, Delhi 110091
300 _axii, 436p.
_c23cm. (Hb)
942 _2ddc
_cEN
_h027.70954
_mEXC
999 _c139834
_d139834